Die flucht über die kordilleren

Shranjeno v:
Bibliografske podrobnosti
Glavni avtor: Gerstäcker, Friedrich
Format: Knjiga
Jezik:Undetermined
Izdano: Stuttgart, Alemania Ernst Klett Verlag 1974
Teme:
Oznake: Označite
Brez oznak, prvi označite!

MARC

LEADER 00000nam a2200000Ia 4500
008 170316s9999 xx 000 0 und d
040 |a cru BVZT 
090 |a 830 G-2d 
100 |a Gerstäcker, Friedrich 
245 |a Die flucht über die kordilleren 
260 |a Stuttgart, Alemania 
260 |b Ernst Klett Verlag 
260 |c 1974 
300 |a 88 páginas 
650 |a LITERATURA ALEMANA 
999 |c 7314  |d 7314 
942 |c 15 D  |h 830 G-2d  |2 z